Państwa i terytoria Indii Zachodnich (Karaiby) z mapą - Statystyki

Ogólne statystyki
  • Ten quiz został rozwiązany 1 621 razy
  • Średni wynik to 19 z 31
Odpowiedzi na mapie
Odpowiedzi zakodowano w zielono-czerwonej skali na mapie do tego quizu, zgodnie z poniższymi procentami.
 
Statystyki odpowiedzi
Państwo/terytorium Państwo/terytorium % Poprawnych
Państwo Kuba
99%
Państwo Dominika
98%
Państwo Haiti
98%
Państwo Dominikana
97%
Państwo Jamajka
97%
Państwo Bahamy
96%
Państwo Barbados
94%
Państwo Trynidad i Tobago
94%
Państwo Saint Lucia
92%
Państwo Antigua i Barbuda
90%
Państwo Grenada
89%
Państwo Saint Kitts i Nevis
88%
Państwo Saint Vincent i Grenadyny
88%
Terytorium (Stany Zjednoczone) Portoryko
83%
Terytorium(Holandia) Curaçao
64%
Terytorium(Holandia) Aruba
63%
Terytorium(Francja) Martynika
57%
Terytorium(Wielka Brytania) Brytyjskie Wyspy Dziewicze
54%
Terytorium(Francja) Gwadelupa
50%
Terytorium (Stany Zjednoczone) Wyspy Dziewicze Stanów Zjednoczonych
45%
Terytorium(Wielka Brytania) Kajmany
42%
Terytorium(Francja) Saint Martin
41%
Terytorium(Wielka Brytania) Anguilla
37%
Terytorium(Holandia) Bonaire
33%
Terytorium(Wielka Brytania) Montserrat
31%
Terytorium(Holandia) Sint Maarten
30%
Terytorium(Wielka Brytania) Turks i Caicos
29%
Terytorium(Holandia) Saba
21%
Terytorium(Francja) Saint Barthélemy
18%
Terytorium(Holandia) Sint Eustatius
13%
Terytorium(Stany Zjednoczone) Navassa
10%
Nie znaleziono quizów pasujących do podanych kryteriów
Rozkład punktacji
Procent ludzi z każdym wynikiem
Percentyl według liczby udzielonych odpowiedzi
Twoja historia wyników
Nie rozwiązałeś tego quizu